| Поле | Инд. | ПП | Название | Значение |
|---|---|---|---|---|
| Тип записи | a | |||
| Библиографический уровень | m | |||
| 001 | Контрольный номер | RU/LIBMSTU/262352542 | ||
| 005 | Дата корректировки | 20171107162259.2 | ||
| 008 | Кодируемые данные | 080508|||||||||ru |||||||||||000|||rus|| | ||
| 020 | c | Цена, тираж | Б. ц. | |
| 040 | b | Код языка каталог. | rus | |
| 041 | 0_ | a | Код языка текста | rus |
| 084 | a | Индекс другой классификации/Индекс ББК | 94+87.3(2)6+87.63 | |
| 090 | a | Полочн. индекс | 94 | |
| x | Авторский знак | М 20 | ||
| 100 | 1_ | a | Автор | Малышко А. А. |
| 245 | 10 | a | Заглавие | Философские проблемы виртуальной реальности (историко-философский анализ) |
| b | Продолж. заглавия | дис. ... канд. филос. наук : 09.00.03 ; 09.00.11 | ||
| c | Ответственность | Мурман. гос. техн. ун-т | ||
| 260 | a | Место издания | Мурманск | |
| c | Дата издания | 2008 | ||
| 300 | a | Объем | 164 с. | |
| 504 | a | Библиография | Библиогр.: с. 150-164 | |
| 650 | 04 | a | Основная рубрика | Виртуальная реальность-Философские проблемы- Диссертации |
| 653 | 0_ | a | Ключевые слова | Виртуальная реальность |
| 653 | 1_ | a | Ключевые слова | Диссертации |
| 653 | 1_ | a | Ключевые слова | Онтологические проблемы |
| 653 | 1_ | a | Ключевые слова | Гносеологические проблемы |
| 653 | 1_ | a | Ключевые слова | Образование дистанционное |
| 653 | 1_ | a | Ключевые слова | Виртуальность |
| 901 | t | Тип документа | d |